| 000 | 00823nam a22001337a 4500 | ||
|---|---|---|---|
| 040 | _cRUA | ||
| 082 | _aFOR HEA 2012 B140 Or.1 | ||
| 100 | _aHEAM, PHANNY. | ||
| 245 | _aThe effectiveness of management forestry and wildlife by people at prambeymom community thpong district kompong spreu province, ប្រសិទ្ធភាពនៃការគ្រប់គ្រងព្រៃឈើ និងសត្វព្រៃដោយមានការចូលរួមពីប្រជាជននៅសហគមន៍ព្រៃឈើប្រាំបីមុំ ស្រុកថ្ពង ខេត្តកំពង់ស្ពឺ | ||
| 260 |
_aPhnom Penh _bRUA _c2011 |
||
| 300 |
_ax; 45p. _bill. _c29cm. |
||
| 856 | _uhttps://drive.google.com/file/d/1ERAy-q9UXIRbSbibIxq_eNUIeL-_Zq13/view?usp=sharing | ||
| 942 | _cFOR | ||
| 999 |
_c3417 _d3417 |
||